000 00291 a2200145 4500
001 179756
020 _a
040 _cMagnum
100 _aKleiman, Angela
240 1 0 _aTexto e leitor
_lpor
245 1 0 _aTexto e leitor
362 0 _a1899
697 _aMAGNITO: PEDAGOGIA
942 _cBK
999 _c179756
_d179756